Auditoria energètica I : enllumenat públic / direcció, Ramon Sanmartín Páramo enllumenat públic / direcció, Ramon Sanmartín Páramo
Descripción Física:
137 p. ; 24 cm
Colección:
Manuals ; 1
Materias:
Enllumenat públic
MARC
| LEADER | 00000nam a2200000Ia 4500 | ||
|---|---|---|---|
| 001 | 7986 | ||
| 008 | 160829s9999 xx 000 0 cat d | ||
| 080 | |a C-1-230 | ||
| 100 | |a Sanmartín Páramo, Ramon |9 20675 | ||
| 245 | |a Auditoria energètica I : |b enllumenat públic / direcció, Ramon Sanmartín Páramo | ||
| 260 | |a Barcelona : |b Diputació de Barcelona, Servei del Medi Ambient, DL 1985 | ||
| 300 | |a 137 p. ; |c 24 cm | ||
| 490 | |a Manuals ; 1 | ||
| 650 | |a Enllumenat públic |9 20676 | ||
| 710 | 1 | |a Barcelona (Catalunya : Província). |b Servei de Medi Ambient |9 53475 | |
| 901 | |a Arxiu | ||
| 942 | |n 1 | ||
| 952 | |0 0 |1 0 |4 0 |6 C1230 |7 1 |9 41630 |a Arxiu |b Arxiu |d 2016-12-01 |l 0 |o C-1-230 |p 7986 |r 2016-12-01 00:00:00 |w 2016-12-01 |y ARXIU | ||
| 999 | |c 43520 |d 43520 | ||